000 01211nam0a2200289 4500
001 RU\NLR\BIBL_A\012164459
005 20191226114148.0
021 _aRU
_bКН-П-19-085398
_9КН-П-19-6218
035 _a(NLR Aleph) 012164459
035 _a(RuMoRGB)010152615
090 _a12208455
_c12208455
100 _a20191216d2019 u y0rusy50 ca
101 0 _arus
102 _aRU
105 _aac z 000zy
200 1 _aКордицепс - квадрат успеха
_eтвори людям добро!
_fНаталья Белова (Мурашкина), псевдоним Кристинская
210 _aКурск
_cДеловая полиграфия
_d2019
215 _a36 с.
_cил., портр.
_d20
606 1 _aКордицепс
_xЛечебное применение
_92523963
_3RU\NLR\AUTH\661495432
610 0 _aкордицепс
610 0 _a"тяньши
686 1 _aР282.111Кордицепс
700 1 _aБелова
_bН. И.
_cавтор стихов и прозы
_f1954-
_gНаталья Ивановна
_9136872
_3RU\NLR\AUTH\770136907
942 _cBOOK
980 _aNB